000
00273nam a22001097a 4500
082
_a
621.384152 SAN'O
100
_a
SANDS, LEO G
_9
41068
245
_a
101 QUESTIONS AND ANSWERS ABOUT AM FM AND SSP
260
_a
NEWYORK
_b
HOWARD W. SAMS
_c
1972
300
_a
96P
942
_c
BK
999
_c
583412
_d
583412